00000000nam 2200000zi 4500
0019.946234
003CaOODSP
00520250109093856
006m     o  d f      
007cr mn|||||||||
008241217e20250109onca    obs  f000 0 eng d
020 |a9780660749372
040 |aCaOODSP|beng|erda|cCaOODSP
043 |an-cn---
045 |ay1y2
0861 |aCS11-621/179E-PDF
1001 |aMcMaster, Megan, |eauthor.
24510|aWorkforce insights : |bdemographics in the publishing industries subsector, 2015 to 2023 / |cby Megan McMaster.
264 1|a[Ottawa] : |bStatistics Canada = Statistique Canada, |cJanuary 9, 2025.
264 4|c©2025.
300 |a1 online resource (10 pages) : |bcolour illustrations.
336 |atext|btxt|2rdacontent
337 |acomputer|bc|2rdamedia
338 |aonline resource|bcr|2rdacarrier
4901 |aAnalysis in brief, |x1707-0503
500 |aIssued also in French under title: Le point sur la main-d'œuvre : portrait démographique du sous-secteur de l'édition, 2015 à 2023.
500 |a"Catalogue no. 11‑621‑M."
504 |aIncludes bibliographical references.
520 |a"This paper, the final of a three-study series, seeks to explore the demographic differences among employees in the publishing industries subsector. This includes businesses operating in the newspaper, periodical, and book publishers industries. These industries are heavily influenced by consumer demand and discretionary spending on leisure. Furthermore, the publishing industries have faced many economic challenges in recent years, including declining operating revenues, restructuring efforts, and significant amalgamations and mergers. Inflationary pressures have also affected operational activities and employment in these industries. The paper leverages administrative data to examine the distribution of the workforce by gender, age category and full-time work status. Results in this paper are based solely on employees who received a T4 slip by employers and on self-employed individuals, excluding other employment types such as contract workers"--Page 4.
650 0|aPublishers and publishing|zCanada|xEmployees|vStatistics.
655 7|aStatistics|2lcgft
7102 |aStatistics Canada, |eissuing body.
77508|tLe point sur la main-d'œuvre : |w(CaOODSP)9.946235
830#0|aAnalysis in brief (Statistics Canada)|w(CaOODSP)9.504715
85640|qPDF|s317 KB|uhttps://publications.gc.ca/collections/collection_2025/statcan/11-621-m/11-621-m2025002-eng.pdf
8564 |qHTML|sN/A|uhttps://www150.statcan.gc.ca/n1/pub/11-621-m/11-621-m2025002-eng.htm
986 |a11‑621‑M